000 00252nam a2200109Ia 4500
008 190914s9999||||xx |||||||||||||| ||und||
100 _aEdward B.Deakin
245 0 _aCost Accounting
260 _aNew York
_bAddison
_c1996
300 _a232
942 _cBK
999 _c8976
_d8976